Statistiques concernant Tous les iphone depuis 2007

Cliquez ici pour prendre le quiz!

Statistiques générales

  • Ce quiz a été pris 151 fois
  • Le résultat moyen est 31 sur 42

Statistiques - réponses

AnnéeiPhone% Correct
2017X
97%
20167
96%
20167+
96%
202012
95%
201911
94%
202113
94%
202214
94%
20104
94%
20125
94%
20146
94%
20146+
94%
2017
8
94%
20178+
94%
202315
92%
202214 pro
85%
202315 pro
85%
202012 pro
84%
202113 pro
84%
201911 pro
82%
202315 pro max
81%
201911 pro max
80%
202012 pro max
80%
202113 pro max
79%
202214 pro max
79%
20135s
79%
2018Xs
78%
20114s
69%
20156s
68%
20156s+
68%
202012 mini
67%
2016SE
66%
202113 mini
65%
2018Xr
65%
20135C
58%
20083G
52%
20093Gs
42%
202315 plus
40%
2020SE 2
39%
202214 plus
38%
20072G
38%
2018Xs Max
38%
2022SE 3
28%

Distribution des résultats

Percentile par nombre de réponses

% des personnes avec chaque résultat

Votre développement - résultats

Vous n’avez pas pris ce quiz